000 00489nam a2200193 a 4500
005 20210219153537.0
008 991125n 000 0 u
035 _aUPN01000105639
100 _aBORGUELO, Cesar
222 _aCOMUNICACIÓN EDUCATIVA
245 _a¿Psicoanálisis al maestro?
300 _a8
362 _a1982 Año 3, no. 21 (jul.)
653 0 _aMAESTROS
653 0 _aPSICOANALISIS
653 0 _aPSICOLOGIA INFANTIL
904 _aAC
_b043450
905 _aArticulo
999 _c79578
_d79578